| 000 | 00713nam a2200181Ia 4500 | ||
|---|---|---|---|
| 008 | 090124s9999 xx 000 0 und d | ||
| 082 |
_b30860 _a2192 |
||
| 100 | _aनायक प्रदीप | ||
| 245 | _a तारांगण (तारका समूहाची सचित्र माहिती) | ||
| 250 | _a1 | ||
| 260 | _c2001 | ||
| 300 | _a216 | ||
| 600 | _aनायक प्रदीप | ||
| 630 | _a तारांगण (तारका समूहाची सचित्र माहिती) | ||
| 700 | _aनायक प्रदीप | ||
| 730 | _a तारांगण (तारका समूहाची सचित्र माहिती) | ||
| 942 | _cBOOK | ||
| 999 |
_c144340 _d144340 |
||